Loading...
| Current Events | 1 | 2 | 0 | 0 | 35 | 66 | 98.00 | 0 | 3 | 0.00 | 0.00 |
| History - European | 0 | 2 | 0 | 1 | 20 | 87 | 111.50 | 0 | 2 | 0.00 | 0.00 |
| Fine Arts - Visual | 1 | 1 | 1 | 1 | 20 | 45 | 96.50 | 1 | 2 | 0.00 | 0.00 |
| Literature - American | 0 | 1 | 0 | 0 | 10 | 158 | 158.00 | 0 | 1 | 0.00 | 0.00 |
| Geography | 1 | 0 | 1 | 0 | 10 | 71 | 71.00 | 1 | 1 | 0.00 | 0.00 |
| Science - Biology | 0 | 1 | 0 | 0 | 10 | 99 | 99.00 | 0 | 1 | 0.00 | 0.00 |
| Literature - British | 0 | 0 | 0 | 0 | 0 | 0.00 | 0 | 0 | 0.00 | 0.00 | |
| Religion | 0 | 0 | 0 | 0 | 0 | 0.00 | 0 | 0 | 0.00 | 0.00 | |
| Science - Other | 0 | 0 | 0 | 0 | 0 | 0.00 | 0 | 0 | 0.00 | 0.00 | |
| History - American | 0 | 0 | 0 | 0 | 0 | 0.00 | 0 | 0 | 0.00 | 0.00 | |
| Social Science | 0 | 0 | 1 | 0 | -5 | 0.00 | 0 | 0 | 0.00 | 0.00 | |
| Fine Arts - Other | 0 | 0 | 2 | 0 | -10 | 0.00 | 0 | 0 | 0.00 | 0.00 |